000 00288nam a22001337a 4500
008 181126b xxu||||| |||| 00| 0 eng d
020 _a0812054512
041 _aeng
080 _a510
100 _a38
101 _aMAT
245 _aCalculs By Discovery
_cDowning.D
942 _2udc
_cBK
999 _c52491
_d52491